Statistics for Japan 2012 Olympic Soccer Squad

Click here to take the quiz!

General Stats

  • This quiz has been taken 6 times
  • The average score is 11 of 18

Answer Stats

HintPositionAnswer% Correct
5DFMaya Yoshida
100%
12DFGotoku Sakai
75%
4DFHiroki Sakai
75%
11FWKensuke Nagai
75%
7FWYuki Otsu
75%
6MFDaisuke Muramatsu
50%
13DFDaisuke Suzuki
50%
17MFHiroshi Kiyotake
50%
16MFHotaru Yamaguchi
50%
8DFKazuya Yamamura
50%
10MFKeigo Higashi
50%
9FWKenyu Sugimoto
50%
15FWManabu Saito
50%
1GKShuichi Gonda
50%
18GKShunsuke Ando
50%
3MFTakahiro Ohgihara
50%
14FWTakashi Usami
50%
2DFYuhei Tokunaga
50%

Score Distribution

Percentile by Number Answered

Percent of People with Each Score

Your Score History

You have not taken this quiz